MARC details
| 000 -LEADER |
| fixed length control field |
01448cam a2200397 a 4500 |
| 001 - CONTROL NUMBER |
| control field |
14972299 |
| 003 - CONTROL NUMBER IDENTIFIER |
| control field |
OSt |
| 005 - DATE AND TIME OF LATEST TRANSACTION |
| control field |
20230619110034.0 |
| 008 - FIXED-LENGTH DATA ELEMENTS--GENERAL INFORMATION |
| fixed length control field |
070820s2006 enk bd 000 0 eng c |
| 010 ## - LIBRARY OF CONGRESS CONTROL NUMBER |
| LC control number |
2007310514 |
| 015 ## - NATIONAL BIBLIOGRAPHY NUMBER |
| National bibliography number |
GBA594694 |
| Source |
bnb |
| 016 7# - NATIONAL BIBLIOGRAPHIC AGENCY CONTROL NUMBER |
| Record control number |
013332186 |
| Source |
Uk |
| 020 ## - INTERNATIONAL STANDARD BOOK NUMBER |
| International Standard Book Number |
0141013753 (pbk.) |
| 020 ## - INTERNATIONAL STANDARD BOOK NUMBER |
| International Standard Book Number |
9780141013756 (pbk.) |
| 035 ## - SYSTEM CONTROL NUMBER |
| System control number |
(OCoLC)ocm62265122 |
| 040 ## - CATALOGING SOURCE |
| Original cataloging agency |
UKM |
| Transcribing agency |
UKM |
| Modifying agency |
BWKUK |
| -- |
BAKER |
| -- |
VP@ |
| -- |
OCLCQ |
| -- |
YDXCP |
| -- |
DAY |
| -- |
BTCTA |
| -- |
DLC |
| 050 00 - LIBRARY OF CONGRESS CALL NUMBER |
| Classification number |
HM425 |
| Item number |
.A23 2006 |
| 082 00 - DEWEY DECIMAL CLASSIFICATION NUMBER |
| Classification number |
301/.03 |
| Edition number |
22 |
| Item number |
ABE |
| 100 1# - MAIN ENTRY--PERSONAL NAME |
| Personal name |
Abercrombie, Nicholas. |
| 245 14 - TITLE STATEMENT |
| Title |
The Penguin dictionary of sociology / |
| Statement of responsibility, etc. |
Nicholas Abercrombie, Stephen Hill, Bryan S. Turner. |
| 246 30 - VARYING FORM OF TITLE |
| Title proper/short title |
Dictionary of sociology |
| 246 30 - VARYING FORM OF TITLE |
| Title proper/short title |
Sociology |
| 250 ## - EDITION STATEMENT |
| Edition statement |
5th ed. |
| 260 ## - PUBLICATION, DISTRIBUTION, ETC. (IMPRINT) |
| Place of publication, distribution, etc. |
London ; |
| -- |
New York : |
| Name of publisher, distributor, etc. |
Penguin, |
| Date of publication, distribution, etc. |
2006. |
| 300 ## - PHYSICAL DESCRIPTION |
| Extent |
xi, 484 p. ; |
| Dimensions |
20 cm. |
| 500 ## - GENERAL NOTE |
| General note |
Previous ed.: 2000. |
| 504 ## - BIBLIOGRAPHY, ETC. NOTE |
| Bibliography, etc |
Includes bibliographical references (p. [439]-484). |
| 650 #0 - SUBJECT ADDED ENTRY--TOPICAL TERM |
| Topical term or geographic name as entry element |
Sociology |
| Form subdivision |
Dictionaries. |
| 700 1# - ADDED ENTRY--PERSONAL NAME |
| Personal name |
Hill, Stephen, |
| Dates associated with a name |
1946- |
| 700 1# - ADDED ENTRY--PERSONAL NAME |
| Personal name |
Turner, Bryan S. |
| 856 42 - ELECTRONIC LOCATION AND ACCESS |
| Materials specified |
Publisher description |
| Uniform Resource Identifier |
<a href="http://www.loc.gov/catdir/enhancements/fy0742/2007310514-d.html">http://www.loc.gov/catdir/enhancements/fy0742/2007310514-d.html</a> |
| 856 42 - ELECTRONIC LOCATION AND ACCESS |
| Materials specified |
Contributor biographical information |
| Uniform Resource Identifier |
<a href="http://www.loc.gov/catdir/enhancements/fy0742/2007310514-b.html">http://www.loc.gov/catdir/enhancements/fy0742/2007310514-b.html</a> |
| 906 ## - LOCAL DATA ELEMENT F, LDF (RLIN) |
| a |
7 |
| b |
cbc |
| c |
pccadap |
| d |
2 |
| e |
ncip |
| f |
20 |
| g |
y-gencatlg |
| 942 ## - ADDED ENTRY ELEMENTS (KOHA) |
| Source of classification or shelving scheme |
Dewey Decimal Classification |
| Koha item type |
Books |